Literal Girls Names Quiz Stats

 Plays Quiz Updated Aug 24, 2018

Score 0/28 Timer 05:00
7 Plays Today
% Correct
Penny
91.1%
Jean
91%
Candy
91%
Brandy
89.4%
Summer
88.5%
Sue
87.3%
Iris
87.2%
Patty
87.1%
Aurora
86.9%
Paige
86.9%
Taylor
86.4%
Heidi
85.8%
Sandy
85.1%
Holly
84.5%
% Correct
Crystal
84.5%
Carrie
83.6%
Carol
83.4%
Allie
82.9%
Mary
81.1%
Mona
80.1%
Nat
79.1%
Grace
78.6%
Gail
76.8%
Shirley
75.9%
Sharon
75.8%
Blaire
74.9%
Betty
70.3%
Karen
56.1%

You're not logged in!

Compare scores with friends on all Sporcle quizzes.
OR
Log In

Show Comments

Extras

Top Quizzes Today


Score Distribution

Your Account Isn't Verified!

In order to create a playlist on Sporcle, you need to verify the email address you used during registration. Go to your Sporcle Settings to finish the process.

Report this User

Report this user for behavior that violates our Community Guidelines.

Details: